Derecho Aplicado: 101 casos prácticos
Shranjeno v:
| Glavni avtor: | |
|---|---|
| Korporativna značnica: | |
| Format: | Knjiga |
| Jezik: | španščina |
| Izdano: |
Santiago
Legal Publishing
2014
|
| Izdaja: | 1a. ed |
| Serija: | Monografías
|
| Teme: | |
| Oznake: |
Označite
Brez oznak, prvi označite!
|
MARC
| LEADER | 00000cam a2200000 a 4500 | ||
|---|---|---|---|
| 001 | UCE4883 | ||
| 003 | CL-VaPUC | ||
| 008 | 141113e20140000cl |||||||||||||||||spa|d | ||
| 020 | |a 9789563465518 | ||
| 082 | 0 | 4 | |a 346.83 |b ROS |2 21 |
| 100 | |a Rosende Alvarez, Hugo |e autor |9 329688 | ||
| 110 | 2 | |a Facultad de Derecho de la Universidad del Desarrollo |e author |9 577346 | |
| 245 | 1 | 0 | |a Derecho Aplicado: 101 casos prácticos |
| 250 | |a 1a. ed | ||
| 300 | |a 291 p | ||
| 942 | |c BK | ||
| 945 | |d 20141113 14:00:00 |a arojas | ||
| 260 | |a Santiago |b Legal Publishing |c 2014 | ||
| 650 | 0 | |a Derecho civil |9 255013 | |
| 650 | 0 | |a Derecho civil chileno |9 320612 | |
| 650 | 0 | |a Jurisprudencia |9 255952 | |
| 583 | |a last modification |c 20141113 14:00:00 |k Rodrigo Vera | ||
| 490 | 0 | |a Monografías | |
| 999 | |c 357739 |d 357737 | ||
| 952 | |0 0 |1 0 |3 erb |4 0 |6 346_830000000000000_ROS_2014 |7 0 |8 A |9 465789 |a BIBDER |b BIBDER |i 5125162 |l 7 |m 3 |o 346.83 ROS 2014 |p 5125162 |r 2024-12-09 |s 2024-12-02 |w 2019-11-23 |y BK |z Catalogado en:20141113 |k DER | ||